Tippie and the birthday (Record no. 773011)

MARC details
000 -LEADER
fixed length control field 00560nam a22002057a 4500
003 - CONTROL NUMBER IDENTIFIER
control field 3228
005 - DATE AND TIME OF LATEST TRANSACTION
control field 20250313125543.0
008 - FIXED-LENGTH DATA ELEMENTS--GENERAL INFORMATION
fixed length control field 250313b sa ||||| |||| 00| 0 eng d
020 ## - INTERNATIONAL STANDARD BOOK NUMBER
International Standard Book Number <a href="9780639602868">9780639602868</a>
Qualifying information (pbk)
040 ## - CATALOGING SOURCE
Original cataloging agency RDA
Transcribing agency 33228
041 ## - LANGUAGE CODE
Language English
082 ## - DEWEY DECIMAL CLASSIFICATION NUMBER
Classification number EJF PALM
942 ## - ADDED ENTRY ELEMENTS
Creator ID 162
Creator Name Elsie Maluleke
Modifier ID 162
Modifier Name Elsie Maluleke
100 ## - MAIN ENTRY--PERSONAL NAME
Personal name Palmer Jose & Lombard Reinette
245 ## - TITLE STATEMENT
Title Tippie and the birthday
260 ## - PUBLICATION, DISTRIBUTION, ETC.
Place of publication, distribution, etc. Pretoria:
Name of publisher, distributor, etc. Lapa Publishers;
Date of publication, distribution, etc. 2021.
300 ## - PHYSICAL DESCRIPTION
Extent 24 Pages:
Other physical details Colour Illustrations;
Dimensions 21 cm
490 ## - SERIES STATEMENT
Series statement Learn to read,level 3, Book 9
521 ## - TARGET AUDIENCE NOTE
Target audience note Children
942 ## - ADDED ENTRY ELEMENTS
Source of classification or shelving scheme Dewey Decimal Classification
item type Book
Holdings
Withdrawn status Lost status Source of classification or shelving scheme Damaged status Not for loan Home library Current library Shelving location Date acquired Full call number Barcode Date last seen Price effective from item type Total Checkouts Collection code
    Dewey Decimal Classification     LYDENBURG REGIONAL LIBRARY Graskop   08.04.2026 EJF PALM 33228031103661 08.04.2026 08.04.2026 Book    
    Dewey Decimal Classification     LYDENBURG REGIONAL LIBRARY Leroro   27.03.2025 EJF PALM 3322803185329 27.03.2025 27.03.2025 Book    
    Dewey Decimal Classification     MP Stream MP Stream Fiction 13.03.2025 EJF PALM 33228031103517 13.03.2025 13.03.2025 Book    
    Dewey Decimal Classification     LYDENBURG REGIONAL LIBRARY Mashishing Fiction 10.11.2025 EJF PALM 3322803184584 10.11.2025 10.11.2025 Book   Fiction
    Dewey Decimal Classification     Mashishing Mobile Library Mashishing Mobile Library   17.09.2025 EJF PALM 3228200024220 17.09.2025 17.09.2025 Book    
    Dewey Decimal Classification     LYDENBURG REGIONAL LIBRARY Simile   30.10.2025 EJF PALM 3322803183694 30.10.2025 30.10.2025 Book